00438nam a2200157 4500003000900000005001700009008004100026020002700067040001300094082001700107100001400124245003900138260003900177300001600216650004800232SEACOMEC20240814125204.0240814b |||||||| |||| 00| 0 eng d a978-0596004088c750.00 aSEACOMEC a005.133bJ41 aLoy, Marc aJava swing / cMarc Loy...[et al.] a Mumbai bShroff Publishers c2006 axxiv, 1252p aComputer Programming Language - JAVA -Swing